Indovina il Paese dal piatto tipico - Statistics

Statistiche generali
  • Questo quiz è stato fatto 73 volte
  • Il punteggio medio è 11 su 16
Statistiche sulle risposte
Piatto Nazione % Corretto
Paella Spagna
97%
Tacos Messico
93%
Bao Cina
90%
Ramen Giappone
90%
Pastel de nata Portogallo
84%
Empanadas Argentina
83%
Moussaka Grecia
83%
Gulash Ungheria
81%
Moules Frites Belgio
74%
Tajine Marocco
70%
Šašlyk Russia
61%
Pho Vietnam
57%
Pierogi Polonia
55%
Kanelbullar Svezia
38%
Pastizzi Malta
28%
Roti Canai Malesia
22%
Nessun quiz corrispondente trovato
Distribuzione punteggi
Percentuale di utenti per punteggio
Percentile per numero di risposta
I tuoi punteggi nel tempo
Non hai fatto questo quiz